Geology of to-day ; a popular introduction in simple language /

Bibliographic Details
Main Author: Gregory, J. W. (John Walter), 1864-1932
Format: Book
Language:English
Published: Philadelphia : London : J. B. Lippincott; Seeley, Service, 1915.
Subjects:

MARC

Tag First Indicator Second Indicator Subfields
LEADER 00000cam a2200000 4500
001 in00000049120
005 20151007065650.0
008 770412s1915 pauaf 00110 eng
010 |a  15026243  
035 |a (OCoLC)02881507 
035 |9 AAE2438AM 
040 |a DLC  |c NOC  |d TXA  |d UtOrBLW 
049 |a TXAM  |c [8532] 
050 0 |a QE31  |b .G7 
092 |a 550  |b G82 
100 1 |a Gregory, J. W.  |q (John Walter),  |d 1864-1932. 
245 1 0 |a Geology of to-day ;  |b a popular introduction in simple language /  |c by J. W. Gregory ... with 58 illustrations & diagrams. 
264 1 |a Philadelphia :  |b J. B. Lippincott;  |a London :  |b Seeley, Service,  |c 1915. 
300 |a  xv, 17-327 pages, 1 unnumbered page including frontispiece, illustrations :  |b plates. ;  |c 21 cm. 
336 |a text  |b txt  |2 rdacontent 
337 |a unmediated  |b n  |2 rdamedia 
338 |a volume  |b nc  |2 rdacarrier 
500 |a Printed in Great Britain. 
650 0 |a Geology. 
999 |a MARS 
999 f f |s eda2a1d8-3364-3a13-81cb-0a9bad44a5ec  |i 34241b77-012e-3721-a154-e4d98515654d  |t 0 
952 f f |p ric  |a Texas A&M University  |b Rellis Campus  |c Joint Library Facility  |s JLF  |d Remote Storage  |t 0  |e QE31 .G7  |h Library of Congress classification  |i unmediated -- volume  |m A14800948506 
998 f f |a QE31 .G7  |t 0  |l Remote Storage